Scrisori Crepusculare /
Saved in:
| Main Author: | |
|---|---|
| Other Authors: | , |
| Format: | Book |
| Language: | Romanian |
| Published: |
București :
Editura Rosmarin,
1995.
|
| Subjects: | |
| Tags: |
Add Tag
No Tags, Be the first to tag this record!
|
| LEADER | 00741nam a2200241Ia 4500 | ||
|---|---|---|---|
| 001 | 007202198-5 | ||
| 005 | 20020606163548.3 | ||
| 008 | 961004s1995 rm 000 0arum d | ||
| 020 | |a 9739671276 | ||
| 035 | 0 | |a ocm35683381 | |
| 040 | |a GZM |c GZM |d HLS | ||
| 043 | |a e-rm--- | ||
| 090 | |a PC800.6.L68 |b A3 1995 | ||
| 100 | 1 | |a Lovinescu, Vasile. | |
| 245 | 1 | 0 | |a Scrisori Crepusculare / |c Vasile Lovinescu ; ediție îngrijită de Florin Mihăescu și Roxana Cristian. |
| 260 | |a București : |b Editura Rosmarin, |c 1995. | ||
| 300 | |a 186 p. ; |c 22 cm. | ||
| 600 | 1 | 0 | |a Lovinescu, Vasile |x Correspondence. |
| 650 | 0 | |a Critics |z Romania |x Correspondence. | |
| 700 | 1 | |a Mihăescu, Florin. | |
| 700 | 1 | |a Cristian, Roxana. | |
| 988 | |a 20020608 | ||
| 906 | |0 OCLC | ||


